LEADER 01720nam--2200433---450- 001 990001155770203316 005 20100607110621.0 035 $a000115577 035 $aUSA01000115577 035 $a(ALEPH)000115577USA01 035 $a000115577 100 $a20030618d1997----km-y0itay50------ba 101 0 $aita$afre$aspa 102 $aIT 105 $ay|||||||101yy 200 1 $aTragedie popolari del Cinquecento europeo$econvegno di studi$eAnagni, 5-7 luglio 1996$fa cura di M. Chiabò, F. Doglio 210 $aRoma$cTorre d'Orfeo$d1997 215 $a245, 53 p.$d24 cm 300 $aIn testa al frontespizio: Ministero beni culturali e ambientali, Ufficio centrale per i beni librari e gli istituti culturali; Presidenza del Consiglio dei ministri, Dipartimento dello spettacolo 300 $aIn calce al frontespizio: Centro studi sul teatro medioevale e rinascimentale; Assessorato alla cultura, Comune di Anagni 300 $aIn copertina: XX convegno 606 0 $aTragedie$yEuropa$zSec. 16.$xAtti di congressi$2BNCF 676 $a809.2512 702 1$aCHIABÒ,$bMaria 702 1$aDOGLIO,$bFederico 801 0$aIT$bsalbc$gISBD 912 $a990001155770203316 951 $aXIII.1.B. 841$b2544 L.G.$cXIII.1.B.$d00259302 959 $aBK 969 $aUMA 979 $aMARIA$b10$c20030618$lUSA01$h1025 979 $aPATRY$b90$c20040406$lUSA01$h1721 979 $aANNAMARIA$b90$c20100607$lUSA01$h1005 979 $aANNAMARIA$b90$c20100607$lUSA01$h1005 979 $aANNAMARIA$b90$c20100607$lUSA01$h1012 979 $aANNAMARIA$b90$c20100607$lUSA01$h1058 979 $aANNAMARIA$b90$c20100607$lUSA01$h1106 996 $aTragedie popolari del Cinquecento europeo$9983317 997 $aUNISA LEADER 01200nam 2200361 450 001 9910289357903321 005 20230814224723.0 010 $a1-5386-5645-0 035 $a(CKB)4100000007005834 035 $a(WaSeSS)IndRDA00121762 035 $a(EXLCZ)994100000007005834 100 $a20200412d2018 uy 0 101 0 $aeng 135 $aur||||||||||| 181 $ctxt$2rdacontent 182 $cc$2rdamedia 183 $acr$2rdacarrier 200 10$aCVCS 2018 $e2018 Colour and Visual Computing Symposium : 19th and 20th September, 2018, Gjøvik, Norway /$fInstitute of Electrical and Electronics Engineers 210 1$aPiscataway, New Jersey :$cInstitute of Electrical and Electronics Engineers,$d2018. 215 $a1 online resource (586 pages) 311 $a1-5386-5646-9 606 $aColor computer graphics$vCongresses 606 $aComputer graphics$vCongresses 615 0$aColor computer graphics 615 0$aComputer graphics 676 $a006.6 712 02$aInstitute of Electrical and Electronics Engineers, 801 0$bWaSeSS 801 1$bWaSeSS 906 $aPROCEEDING 912 $a9910289357903321 996 $aCVCS 2018$92539674 997 $aUNINA LEADER 00840nam0-22002651i-450 001 990007882780403321 005 20260318152047.0 035 $a000788278 100 $a20040511d1979----km-y0itay50------ba 101 0 $afre 102 $aCH$aFR 105 $ay-------001yy 200 1 $a<> pensée sociale et humaine de Victor Hugo dans son oeuvre romanesque$eetude critique et littéraire$fMahmoud Aref 210 $aGenève$cSlatkine$aParis$cLibrairie Champion$d1979 215 $a317 p.$d24 cm 610 0 $aHugo, Victor 676 $a843.8 700 1$aAref,$bMahmoud$0282773 801 0$aIT$bUNINA$gRICA$2UNIMARC 901 $aBK 912 $a990007882780403321 952 $a843.8 HUGO/S 19$b49194$fFLFBC 959 $aFLFBC 996 $aPensée sociale et humaine de Victor Hugo dans son oeuvre romanesque$9669227 997 $aUNINA